25 Biggest Belgian Cities By Population - Statistics

General Stats
  • This quiz has been taken 50 times
  • The average score is 15 of 25
Answer Stats
Population City % Correct
562,002 Antwerp/Antwerpen/Anvers
100%
120,283 Bruges/Brugge
100%
272,657 Ghent/Gent/Gand
100%
198,314 Brussels/Brussels/Bruxelles
98%
197,323 Liège/Luik
93%
205,763 Charleroi
91%
104,906 Leuven/Louvain
80%
68,058 Genk
78%
115,029 Namur/Namen
78%
72,817 Ostend/Oostende/Ostende
76%
97,120 Mons/Bergen
67%
89,655 Mechelen/Malines
63%
90,249 Hasselt
61%
80,776 Kortrijk/Courtrai
57%
128,724 Anderlecht
52%
82,661 Sint-Niklaas/Saint-Nicolas
39%
68,991 Tournai/Doornik
39%
92,131 Aalst/Alost
37%
129,775 Schaerbeek/Schaarbeek
33%
81,674 La Louvière
28%
66,888 Roeselare/Roulers
24%
89 897 Ixelles/Elsene
20%
87,927 Beveren/Kruibeke/Zwijndrecht/Beveren-Kruibeke-Zwijndrecht
17%
87,194 Uccle/Ukkel
15%
98,713 Molenbeek-Saint-Jean/Sint-Jans-Molenbeek
9%
No matching quizzes found
Score Distribution
Percent of People with Each Score
Percentile by Number Answered
Your Score History
You have not taken this quiz